Máj /
Původní LP album 1218 4027 vydal Supraphon v roce 1986 - nyní vydáváme tento titul poprvé digitálně. Lyricko-epická básnická skladba KARLA HYNKA MÁCHY (*16.11.1810 - † 6.11.1836) vypráví ve čtyřech zpěvech a dvou intermezzech tragický příběh tří lidí: Vilém zavraždí svůdce své milé Jarmily, aniž by...
Uloženo v:
| Hlavní autor: | |
|---|---|
| Další autoři: | , , , , , |
| Médium: | E-audiokniha |
| Vydáno: |
Praha :
Supraphon a.s.,
2017
|
| Tagy: |
Žádné tagy |
| LEADER | 03775nim a22003017i 4500 | ||
|---|---|---|---|
| 001 | 313258 | ||
| 007 | sr nunnnnnnned | ||
| 024 | |a 099925787721 | ||
| 044 | |a xr | ||
| 100 | 1 | |a Mácha, Karel Hynek |4 aut | |
| 245 | 1 | 0 | |a Máj / |c Mácha, Karel Hynek |
| 264 | 1 | |a Praha : |b Supraphon a.s., |c 2017 | |
| 300 | |a 1 online zdroj (1 hod., 2 min., 38 sek.) | ||
| 336 | |a mluvené slovo |b spw |2 rdacontent | ||
| 337 | |a audio |b s |2 rdamedia | ||
| 338 | |a online zdroj |b cr |2 rdacarrier | ||
| 505 | 0 | 0 | |t Máj (1 hod., 2 min., 38 sek.) |
| 520 | 2 | |a Původní LP album 1218 4027 vydal Supraphon v roce 1986 - nyní vydáváme tento titul poprvé digitálně. Lyricko-epická básnická skladba KARLA HYNKA MÁCHY (*16.11.1810 - † 6.11.1836) vypráví ve čtyřech zpěvech a dvou intermezzech tragický příběh tří lidí: Vilém zavraždí svůdce své milé Jarmily, aniž by věděl, že je jím jeho vlastní otec, který jej kdysi zavrhl a kvůli němuž se z něj stal obávaný vůdce loupežníků - "Lesů pán", Ve vězení, kde čeká na popravu, přemýšlí o vině a trestu, o životě a smrti, o marnosti, nicotě, o osudné náhodě, která jej do této bezvýchodné situace přivedla.. . Loučí se s životem a vzpomíná na svou milou Jarmilu; sám sebe vidí jako oběť sobeckého, nemilujícího otce. Nejsilnější moment celé básně je právě zde, ve Vilémových úvahách o životních hodnotách, o náboženství i o milované vlasti, o tom, že po smrti již není nic... Když se Jarmila dozví o smrti svého milého, skočí do jezera a utone. Po letech přichází na místo popravy poutník Hynek, vypravěč básně, přemýšlí nad Vilémovou lebkou a jeho kostmi a ve známém verši (...na tváři lehký smích, hluboký v srdci žal....Hynku, Viléme, Jarmilo) se s jejich tragickým osudem ztotožní. Naše nahrávka z roku 1984 představuje svým posluchačům nejen nejkrásnější a vrcholné dílo českého literárního romantismu, ale zároveň skvělý a jedinečný přednes RUDOLFA HRUŠÍNSKÉHO (*17.10.1920 - †13.4.1994) Z komentáře Vladimíra Justla k původnímu LP albu: ...Rudolf Hrušínský dal svému Máchovi vnitřně rozdrásaným, rozervaným přednesem, nepatetickou sugestivností, frázováním a významově zatíženými kadencemi pečeť mimořádné jedinečnosti, stigma své vyhraněné osobnosti. V kontrastu (ale i v jisté jednotě) k takto realizovaným čtyřem zpěvům stojí dobový vlastenecký předzpěv a především obě intermezza. Marek Kopelent vytvořil z Máchova textu převážně rozbitím slov - asémantický zvukový materiál, obohacený o čistě zvukové efekty. Byl zpracován způsobem hudební kompozice do struktur, jež vytvářejí barevné pozadí a komentář I. intermezza a polyfonii II. intermezza, která zvyšuje jeho dramatičnost. Pěvecký part je jednak kulisou (I. intermezzo), jednak realizuje text ve formě recitativu (první část II. intermezza). Dalším barevným komponentem je preparovaný klavír. A tak i tento Máj je vlastně experimentem, neboť každé střetnutí s Máchovou geniální básní může být jenom odvážný a zároveň pokorný experiment... | |
| 700 | 1 | |a Hrušínský, Rudolf |4 nrt | |
| 700 | 1 | |a Medvecká, Taťjana |4 nrt | |
| 700 | 1 | |a Kofránková, Hana |4 nrt | |
| 700 | 1 | |a Eben, Marek |4 nrt | |
| 700 | 1 | |a Krbová, Ljuba |4 nrt | |
| 700 | 1 | |a Lodrová, Regina |4 nrt | |
| 910 | |a RBIT002 | ||
| 998 | |d 401568 |a https://core.palmknihy.cz/api/books/401568/cover?sawnog |b https://core.palmknihy.cz/api/books/401568/cover/400?sawnog |c https://core.palmknihy.cz/api/books/401568/cover/50?sawnog |e 2099-01-01 |i 099925787721 |l 3758 |q 49 |r 1 |s https://www.palmknihy.cz/kniha/401568 |t audiobook |y 2017 |z 1 | ||
| 999 | |d 313256 | ||